Complex Analysis on Infinite Dimensional Spaces (Record no. 6351)

MARC details
000 -LEADER
fixed length control field 00574nam a22002057a 4500
003 - CONTROL NUMBER IDENTIFIER
control field OSt
005 - DATE AND TIME OF LATEST TRANSACTION
control field 20191016103209.0
008 - FIXED-LENGTH DATA ELEMENTS--GENERAL INFORMATION
fixed length control field 191016b ||||| |||| 00| 0 eng d
020 ## - INTERNATIONAL STANDARD BOOK NUMBER
International Standard Book Number 9781447112235
040 ## - CATALOGING SOURCE
Transcribing agency DDC
082 ## - DEWEY DECIMAL CLASSIFICATION NUMBER
Classification number 515 DIN 1999
100 ## - MAIN ENTRY--PERSONAL NAME
Personal name Dineen, Sean
9 (RLIN) 12988
245 ## - TITLE STATEMENT
Title Complex Analysis on Infinite Dimensional Spaces
260 ## - PUBLICATION, DISTRIBUTION, ETC. (IMPRINT)
Place of publication, distribution, etc. London;
Name of publisher, distributor, etc. Springer,
Date of publication, distribution, etc. 1999
300 ## - PHYSICAL DESCRIPTION
Extent xv,543p;
Other physical details Ill:
Dimensions 24cm
504 ## - BIBLIOGRAPHY, ETC. NOTE
Bibliography, etc Appendix, references, & index included
650 ## - SUBJECT ADDED ENTRY--TOPICAL TERM
Topical term or geographic name as entry element Complex analysis
9 (RLIN) 3596
650 ## - SUBJECT ADDED ENTRY--TOPICAL TERM
Topical term or geographic name as entry element Dimensional spaces
9 (RLIN) 12989
942 ## - ADDED ENTRY ELEMENTS (KOHA)
Source of classification or shelving scheme Dewey Decimal Classification
Koha item type Open Shelf
Holdings
Withdrawn status Lost status Source of classification or shelving scheme Damaged status Not for loan Home library Current library Date acquired Source of acquisition Inventory number Total Checkouts Full call number Barcode Date last seen Koha item type
    Dewey Decimal Classification     MUST Main Library MUST Main Library 16/10/2019 Purchase 19/41029   515 DIN 1999 2019-0546 16/10/2019 Open Shelf
    Dewey Decimal Classification     MUST Main Library MUST Main Library 16/10/2019 Purchase 19/41030   515 DIN 1999 2019-0547 16/10/2019 Open Shelf
    Dewey Decimal Classification     MUST Main Library MUST Main Library 16/10/2019 Purchase 19/41031   515 DIN 1999 2019-0548 16/10/2019 Open Shelf
    Dewey Decimal Classification     MUST Main Library MUST Main Library 03/10/2025 Purchase 25/42433   515 DIN 1999 2025-0046 03/10/2025 Open Shelf
    Dewey Decimal Classification     MUST Main Library MUST Main Library 03/10/2025 Purchase 25/42434   515 DIN 1999 2025-0047 03/10/2025 Open Shelf